| 000 | 01768cam a22003375a 4500 | ||
|---|---|---|---|
| 001 | 014542185 | ||
| 003 | OSt | ||
| 005 | 20180510104337.0 | ||
| 008 | 070712s2007 ke a frb 000 0 eng d | ||
| 020 | _a9789280728279 | ||
| 040 |
_aGUL _beng _cGUL _dUk _dEG-ScBUE |
||
| 082 | 0 | 4 |
_222 _a363.7387 _bREP |
| 110 | 2 |
_aUnited Nations Environment Programme. _bMethyl Bromide Technical Options Committee. |
|
| 245 | 1 | 0 |
_a2006 report of the Methyl Bromide Technical Options Committee : _b2006 assessment / _cUNEP. |
| 246 | 1 | 5 | _aUNEP 2006 report of the Methyl Bromide Technical Options Committee |
| 246 | 3 | _aReport of the Methyl Bromide Technical Options Committee | |
| 246 | 1 |
_iAt head of title: _aMontreal Protocol on Substances that Deplete the Ozone Layer |
|
| 260 |
_aNairobi : _bUnited Nations Environment Programme, _c2007. |
||
| 300 |
_axxi, 453 p. : _bill. ; _c30 cm. |
||
| 504 | _aIncludes bibliographical references. | ||
| 530 | _aAlso available via the Internet. Address as of 7/12/2007: http://ozone.unep.org/Assessment_Panels/TEAP/Reports/MBTOC/MBTOC-2006-Assessment%20Report.pdf. | ||
| 630 | 0 | 7 |
_aVienna Convention for the Protection of the Ozone Layer _d(1985). _kProtocols, etc. _d1987 September 15. |
| 650 | 7 |
_aOzone layer depletion _xEnvironmental aspects. _2BUEsh |
|
| 650 | 7 |
_aOzone layer depletion _xLaw and legislation. _2BUEsh |
|
| 650 | 7 |
_aOzone-depleting substances. _2BUEsh |
|
| 653 |
_bGGEN _cMay2018 |
||
| 710 | 2 | 7 |
_aUnited Nations Environment Programme. _bOzone Secretariat. |
| 730 | 0 | 7 |
_aVienna Convention for the Protection of the Ozone Layer _d(1985). _kProtocols, etc. _d1987 September 15. |
| 856 | 4 | 1 |
_uhttp://ozone.unep.org/Assessment_Panels/TEAP/Reports/MBTOC/MBTOC-2006-Assessment%20Report.pdf _zConnect to electronic version |
| 942 | _2ddc | ||
| 999 |
_c26686 _d26658 |
||